Exposición de tapices franceses desde la Edad Media hasta nuestros días (Record no. 61454)
[ view plain ]
| 000 -LEADER | |
|---|---|
| campo de control de longitud fija | 00805nam a2200193 i 4500 |
| 001 - NÚMERO DE CONTROL | |
| campo de control | 61454 |
| 003 - IDENTIFICADOR DE NÚMERO DE CONTROL | |
| campo de control | ES-MaACL |
| 005 - FECHA Y HORA DE LA ÚLTIMA TRANSACCIÓN | |
| campo de control | 20251207154730.0 |
| 007 - CAMPO FIJO DE DESCRIPCIÓN FÍSICA--INFORMACIÓN GENERAL | |
| campo de control de longitud fija | t| |
| 008 - DATOS DE LONGITUD FIJA--INFORMACIÓN GENERAL | |
| campo de control de longitud fija | 031112s1952 sp ||||1| spa d |
| 111 0# - ENTRADA PRINCIPAL--NOMBRE DE CONGRESO/REUNIÓN | |
| Nombre de congreso/reunión o jurisdicción como elemento de entrada | Exposición de Tapices Franceses |
| Fecha del congreso o de la firma del tratado | (1952. |
| Sede del congreso/Lugar de la reunión | Madrid) |
| 9 (RLIN) | 682 |
| 245 10 - MENCIÓN DEL TÍTULO | |
| Título | Exposición de tapices franceses desde la Edad Media hasta nuestros días |
| Resto del título | : salones de la Sociedad Española de Amigos del Arte. |
| 260 ## - PUBLICACIÓN, DISTRIBUCIÓN, ETC. | |
| Lugar de publicación, distribución, etc. | Madrid : |
| Nombre del editor, distribuidor, etc. | [s.n., |
| Fecha de publicación, distribución, etc. | 1952] ( |
| Fabricante | Gráfs. Orrier) |
| 300 ## - DESCRIPCIÓN FÍSICA | |
| Extensión | 42 p., 9 lám. : |
| Otras características físicas | il. ; |
| Dimensiones | 21 cm. |
| 500 ## - NOTA GENERAL | |
| Nota general | Precede al tít.: Instituto Francés en España. Asociación Francesa de Acción Artística. |
| 710 2# - ENTRADA AGREGADA--NOMBRE DE ENTIDAD CORPORATIVA | |
| Nombre de entidad corporativa o nombre de jurisdicción como elemento de entrada | Instituto Francés en España. |
| Unidad subordinada | Asociación Francesa de Acción Artística. |
| 9 (RLIN) | 5061 |
| 852 ## - LOCALIZACIÓN | |
| Ubicación | ES-MaACL |
| Número de control de estantería | 1934-F-9 |
| Sublocalización o colección | R.31878 |
| Estatus retirado | Estado de pérdida | Estado de daño | No para préstamo | Colección | Biblioteca de origen | Biblioteca actual | Ubicación en estantería | Fecha de adquisición | Fuente de adquisición | Total de préstamos | Signatura topográfica completa | Código de barras | Visto por última vez | Precio de reemplazo | Tipo de ítem Koha |
|---|---|---|---|---|---|---|---|---|---|---|---|---|---|---|---|
| Colección de folletos | Biblioteca del Ateneo de Madrid | Biblioteca del Ateneo de Madrid | Depósito folletos | 17/01/2008 | 1934-F-9 | 1064439 | 23/02/2023 | 23/02/2023 | Folleto |
